Pantayong pananaw, ugat at kabuluhan : (Record no. 2410)
[ view plain ]
| 000 -LEADER | |
|---|---|
| fixed length control field | 00590nam a22001817a 4500 |
| 003 - CONTROL NUMBER IDENTIFIER | |
| control field | OSt |
| 005 - DATE AND TIME OF LATEST TRANSACTION | |
| control field | 20140310181731.0 |
| 008 - FIXED-LENGTH DATA ELEMENTS--GENERAL INFORMATION | |
| fixed length control field | 130313t xxu||||| |||| 00| 0 eng d |
| 020 ## - INTERNATIONAL STANDARD BOOK NUMBER | |
| International Standard Book Number | 9719162139 |
| 050 ## - LIBRARY OF CONGRESS CALL NUMBER | |
| Classification number | DS 667.2. |
| Item number | .N322 2000 |
| 082 ## - DEWEY DECIMAL CLASSIFICATION NUMBER | |
| Classification number | FIL 499.2110722 |
| Item number | N22 2000 |
| 100 ## - MAIN ENTRY--PERSONAL NAME | |
| Personal name | Navarro, Atoy |
| 245 ## - TITLE STATEMENT | |
| Title | Pantayong pananaw, ugat at kabuluhan : |
| Remainder of title | pambungad sa pag-aaral ng bagong kasaysayan / |
| Statement of responsibility, etc | Atoy Navarro, Mary Jane Rodriguez, Vic Villan. |
| 260 ## - PUBLICATION, DISTRIBUTION, ETC. (IMPRINT) | |
| Place of publication, distribution, etc | Mandaluyong City : |
| Name of publisher, distributor, etc | Palimbagang Kalawagan |
| Date of publication, distribution, etc | 2000. |
| 300 ## - PHYSICAL DESCRIPTION | |
| Extent | 197 p. : |
| Dimensions | 22 cm. |
| 942 ## - ADDED ENTRY ELEMENTS (KOHA) | |
| Source of classification or shelving scheme | Library of Congress Classification |
| Koha item type | Books |
| Call number prefix | Filipininana |
| Withdrawn status | Lost status | Source of classification or shelving scheme | Damaged status | Home library | Current library | Shelving location | Date acquired | Source of acquisition | Total Checkouts | Full call number | Barcode | Date last seen | Copy number | Price effective from | Koha item type |
|---|---|---|---|---|---|---|---|---|---|---|---|---|---|---|---|
| Library of Congress Classification | Luxembourg Library | Luxembourg Library | Filipiniana Section | 03/13/2013 | Donation | DS 667.2 .N322 1997 | 13331 | 08/13/2013 | 1 | 10/03/2013 | Books | ||||
| Library of Congress Classification | Luxembourg Library | Luxembourg Library | Filipiniana Section | 06/27/2013 | DS 667.2 .N322 2000 | 13332 | 08/13/2013 | 2 | 10/03/2013 | Books | |||||
| Library of Congress Classification | Luxembourg Library | Luxembourg Library | Filipiniana Section | 06/27/2013 | DS 667.2 .N322 2000 | 13333 | 08/13/2013 | 3 | 10/03/2013 | Books |